Statistiques concernant 15 principaux pays touchés par Covid-19 - 25 juin

Cliquez ici pour prendre le quiz!

Statistiques générales

  • Ce quiz a été pris 18 fois
  • Le résultat moyen est 12 sur 26

Statistiques - réponses

pays% Correct
Etats-Unis
93%
Italie
93%
Brésil
86%
Espagne
79%
Inde
71%
Mexique
71%
Royaume-Uni
71%
Russie
71%
Allemagne
64%
Iran
50%
Pérou
50%
Belgique
43%
Chili
43%
Chili
43%
Suède
43%
Pakistan
36%
Turquie
36%
Arabie Saoudite
29%
Biélorussie
29%
Bahreïn
21%
Qatar
21%
Panama
14%
Singapour
14%
Arménie
7%
Koweït
7%
Oman
7%

Distribution des résultats

Percentile par nombre de réponses

% des personnes avec chaque résultat

Votre développement - résultats

Vous n’avez pas pris ce quiz